banner-ar

بانوراما الصولفيج العربى 3 / (Record no. 59865)

MARC details
000 -الفاتح
حقل البيانات ثابتة الطول 00785nam a22002297a 4500
005 - وقت وتاريخ اخر تعامل مع التسجيلة
رقم الضبط 20240530110340.0
008 - عناصر البيانات ثابتة الطول - معلومات عامة
حقل البيانات ثابتة الطول 141103s2006 ua g fr 000 0deng d
017 ## - رقم الايداع القانونى
رقم الايداع القانونى 8885/2005
020 ## - الرقم الدولى المعيارى للكتب
الرقم الدولى المعيارى للكتاب 9773501124
040 ## - مصدر الفهرسة
وكالة الفهرسة الأصلية EG-CaGPL
082 04 - رقم تصنيف ديوى العشرى
رقم الطبعة 21
رقم التصنيف 781.1\
رقم المادة م ب
100 0# - المدخل الرئيسى - إسم شخصى
الإسم الشخصى محمد شعلة
245 1# - بيان العنوان
العنوان بانوراما الصولفيج العربى 3 /
بيان المسئوليه,etc تاليف محمد شعلة
246 1# - العنوان الموازى
عنوان صحيح/عنوان مختصر panorama of arabic solfece 3 /
الوسيط mohammed shoula
260 ## - PUBLICATION, DISTRIBUTION, ETC. (IMPRINT)
تاريخ النشر أو التوزيع 2006
300 ## - الوصف المادى
التعداد 179 ص ؛
أبعاد الوعاء 30 سم
650 04 - المدخل الاضافى بالموضوع-مصطلح موضوعى
مصطلح موضوعي الموسيقى
التقسيم الفرعي العام ايقاع
650 04 - المدخل الاضافى بالموضوع-مصطلح موضوعى
مصطلح موضوعي الموسيقى
التقسيم الفرعي العام اداء
650 04 - المدخل الاضافى بالموضوع-مصطلح موضوعى
مصطلح موضوعي الموسيقى
التقسيم الفرعي العام المقامات
942 ## - عناصر المدخل الإضافي( كوها)
مصدر التصنيف او مخطط الترفيف Dewey Decimal Classification
Koha [default] item type كتاب
260 ## - PUBLICATION, DISTRIBUTION, ETC. (IMPRINT)
-- القاهرة :
-- دار الكتاب الحديث ،
Holdings
حالة التراجع حالة الفقد حالة تلف ليس للاعارة المكان المؤقت الموقع الحالى تاريخ الاكتساب اجمالي اﻻعارات رقم الطلب الباركود تاريخ اخر مشاهدة تاريخ تفعيل السعر نوع وعاء كوها
        مكتبة القاهرة الكبرى مكتبة القاهرة الكبرى 11/03/2014   781.1\ م ب 158822 11/03/2014 11/03/2014 كتاب

Powered By

EGPV